000 00480nam a2200097Ia 4500
008 170517s9999 xx 000 0 und d
245 _aOne Night in Bhopal
300 _aThe Bhopal disaster is one of the world's worst industrial disasters in the history of mankind. The explosion at Union Carbide plant located at the heart of the city of Bhopal caused a release of toxic gas rolled along...
650 _xTechnology.
856 _uhttp://topdocumentaryfilms.com/one-night-in-bhopal/
999 _c335065
_d335065